The national planning framework for Scotland 2 (Record no. 109686)

MARC details
000 -LEADER
fixed length control field 01524cad a22002415a 4500
001 - CONTROL NUMBER
control field E147697
008 - FIXED-LENGTH DATA ELEMENTS--GENERAL INFORMATION
fixed length control field 090605e20090304xxkb f s000 0 eng d
035 ## - SYSTEM CONTROL NUMBER
System control number (Sirsi) u147697
041 0# - LANGUAGE CODE
Language code of text/sound track or separate title eng
050 04 - LIBRARY OF CONGRESS CALL NUMBER
Classification number 711.1 $2 18
100 1# - MAIN ENTRY--PERSONAL NAME
Personal name Rehfisch, Alan
245 04 - TITLE STATEMENT
Title The national planning framework for Scotland 2
Medium [electronic resource]
260 ## - PUBLICATION, DISTRIBUTION, ETC.
Place of publication, distribution, etc. Edinburgh
Name of publisher, distributor, etc. Scottish Parliament
Date of publication, distribution, etc. 2009
490 #0 - SERIES STATEMENT
Series statement SPICe Briefing
Volume/sequential designation (09/15) 4 March 2009
505 2# - FORMATTED CONTENTS NOTE
Formatted contents note Introduction -- The National Planning Framework -- The Planning etc (Scotland) Act 2006 -- National Planning Framework 2 -- National Planning Framework for Scotland 2: discussion draft -- Responses to the National Planning Framework for Scotland 2: discussion draft -- National Planning Framework for Scotland 2: proposed framework -- Key changes introduced in the proposed framework -- Parliamentary consideration of the National Planning Framework for Scotland 2: proposed framework -- Next steps -- Sources
520 ## - SUMMARY, ETC.
Summary, etc. Sets out the function and contents of the National Planning Framework; looks at the changes introduced by the Planning etc. (Scotland) Act 2006; and discusses the various stages of the introduction of the new National Planning Framework for Scotland 2.
521 ## - TARGET AUDIENCE NOTE
Target audience note Advanced
590 ## - LOCAL NOTE (RLIN)
Local note KA
651 #4 - SUBJECT ADDED ENTRY--GEOGRAPHIC NAME
Geographic name Scotland
Chronological subdivision 1999-
690 ## - LOCAL SUBJECT ADDED ENTRY--TOPICAL TERM (OCLC, RLIN)
Topical term or geographic name as entry element Planning and development
9 (RLIN) 6259
856 40 - ELECTRONIC LOCATION AND ACCESS
Uniform Resource Identifier <a href="https://www.scottish.parliament.uk/business/research/subject/HouPla.htm">https://www.scottish.parliament.uk/business/research/subject/HouPla.htm</a>
Public note View the briefing free of charge at www.scottish.parliament.uk...
942 ## - ADDED ENTRY ELEMENTS (KOHA)
Suppress in OPAC 0
Holdings
Withdrawn status Lost status Source of classification or shelving scheme Damaged status Not for loan Home library Current library Shelving location Date acquired Total Checkouts Full call number Barcode Date last seen Copy number Price effective from Koha item type
    Dewey Decimal Classification     Virtual Virtual Online 05/06/2009   ONLINE PUBLICATION 147697-2001 06/08/2019 1 06/08/2019 Book